Responses for show #3013 - Wednesday, October 8, 1997

Contestants

Phil Ackerman, a law student originally from Fort Atkinson, Wisconsin

Ellen Conlon, a chemist from New Britain, Connecticut

Yolanda Diaz, a financial service representative from Atlanta, Georgia (whose 1-day cash winnings total $2,000)

Jeopardy! Round responses

WINGS
HOME IMPROVEMENT
FRIENDS
MEN BEHAVING BADLY
3rd ROCK FROM THE SUN
MAD ABOUT "U"
    $100 16
Concorde

Ellen
    $100 11
grout

Yolanda
    $100 1
James Taylor

Yolanda
    $100 6
Hamilton

Ellen
    $100 18
crust

Yolanda
    $100 24
uncle

Phil
    $200 17
propellers

Yolanda
    $200 12
wallpaper

Ellen
    $200 2
(Phil: Who is Elvis?)
[That is what it sounded like.]

Jeffrey Katzenberg

YolandaPhil
    $200 7
Khrushchev

Phil
    $200 19
orbit

Ellen
    $200 25
umpire

Phil
    $300 20
Tokyo

Phil
    $300 13
latex

Phil
    $300 3
Meryl Streep

Ellen
    $300 8
(John) Dillinger

Ellen
    $300 23
the Moon

Ellen
    $300 26
Underdog

Phil
    $400 21
D.B. Cooper

Triple Stumper
    $400 14
(Ellen: What is insulation?)

weather stripping

Ellen
Triple Stumper
    $400 4
Charlie Parker

Triple Stumper
    $400 9
Cardiff Giant

Triple Stumper
    $400 30
Africa

Phil
    $400 27
Utopia

Ellen
    $500 22
Virgin

Phil
    $500 15
rug (or carpeting)

Ellen
    $500 5
Linda Bloodworth-Thomason

Ellen
    $500 10
Butch Cassidy & The Sundance Kid

Ellen
    $500 29
(Phil: What is continent?)

ocean

Phil
Triple Stumper
    $500 28
umber

Yolanda

Scores at the first commercial break (after clue 14):

Yolanda Ellen Phil
$400 $1,500 $300

Scores at the end of the Jeopardy! Round:

Yolanda Ellen Phil
$1,200 $3,000 $1,600

Double Jeopardy! Round responses

WILLIAM WORDSWORTH
HAIL TO THE CHIEF
WILD PARTIES
LANDLOCKED COUNTRIES
1940S TV
ISMs
    $200 26
(Ellen: What is Oxford?)

Cambridge

Ellen
Triple Stumper
    $200 16
(Ellen: Who is Dole?)
(Yolanda: Who is Gore?)
(The Audience: Laughter)
(Alex: We're getting some interesting responses, however.)

George Bush

YolandaEllen
Triple Stumper
    $200 6
sleepover (or slumber party)

Ellen
    $200 9
Italy

Phil
    $200 21
Ed Sullivan

Phil
    $200 1
exorcism

Ellen
    $400 27
France

Yolanda
    $400 17
Wilson

Phil
    $400 7
stag party

Phil
    $400 11
Hungary

Phil
    $400 22
Texaco

Yolanda
    $400 2
pacifism

Phil
    $600 28
sister

Triple Stumper
    $600 18
Taft

Ellen
    $600 8
(National Lampoon's) Animal House

Yolanda
    $600 13
Nepal

Phil
    $600 23
The Life of Riley

Ellen
    $600 3
(Ellen: What is impressionism?)

post-impressionism

Ellen
Triple Stumper
    $800 29
poet laureate

Ellen
    $800 19
Benjamin Harrison

Ellen
    $800 10
horses

Ellen
    $2,000 14
(Phil: What is Uruguay?)

Paraguay

Phil
    $800 24
Beanie

Ellen
    $800 4
colloquialism

Phil
    $800 20
(Ellen: Who is Teddy Roosevelt?)

William McKinley

Ellen
    $1000 12
Clara Bow

Yolanda
    $1000 15
Mali

Triple Stumper
    $1000 25
Boris Karloff

Triple Stumper
    $1000 5
survivalism

Triple Stumper

Scores at the end of the Double Jeopardy! Round:

Yolanda Ellen Phil
$3,400 $6,000 $3,000

[wagering suggestions for these scores]

Final Jeopardy! Round responses

SILENT MOVIES
PhilWhat is Metropolis? Hi, [unreadable]
$2,400
YolandaWhat is?
$2,601
EllenWhat is Das Boot?
$801
Metropolis

Final scores:

Yolanda Ellen Phil
$799 $5,199 $5,400
3rd place: a Magnavox 25" TV & VCR 2nd place: a Caribbean cruise New champion: $5,400

Game dynamics:

Coryat scores:

Yolanda Ellen Phil
$3,400 $6,800 $5,000
10 R,
1 W
19 R
(including 1 DD),
5 W
(including 1 DD)
16 R,
3 W
(including 1 DD)

Combined Coryat: $15,200

The J! Archive is created by fans, for fans. The Jeopardy! game show and all elements thereof, including but not limited to copyright and trademark thereto, are the property of Jeopardy Productions, Inc. and are protected under law. This website is not affiliated with, sponsored by, or operated by Jeopardy Productions, Inc. Join the discussion at JBoard.tv.